[Event "CUB-ch"]
[Site "Cuba"]
[Date "1988.??.??"]
[Round "?"]
[White "Schwiep, Jose"]
[Black "Andres Mendez, Miguel"]
[Result "1/2-1/2"]
[WhiteElo "2300"]
[BlackElo "2410"]
[PlyCount "32"]
[EventDate "1988.10.??"]
[EventType "swiss"]
[EventRounds "10"]
[EventCountry "CUB"]
[SourceTitle "TD"]
[Source "ChessBase"]
[SourceDate "1994.03.01"]
[SourceVersion "1"]
[SourceVersionDate "1994.03.01"]
[SourceQuality "1"]

1. Nf3 g6 2. e4 Bg7 3. d4 c5 4. c3 cxd4 5. cxd4 d5 6. e5 Nc6 7. h3 Nh6 8. Nc3 0-0 9. Be2 f6 10. exf6 exf6 11. 0-0 Be6 12. Re1 Re8 13. Bf4 Rc8 14. Na4 Nf5 15. Nc5 Bf7 16. Rc1 Re7 1/2-1/2

[Event "CUB-ch"]
[Site "Cuba"]
[Date "1988.??.??"]
[Round "?"]
[White "Schwiep, Jose"]
[Black "Lugo, Blas"]
[Result "0-1"]
[WhiteElo "2300"]
[BlackElo "2305"]
[PlyCount "58"]
[EventDate "1988.10.??"]
[EventType "swiss"]
[EventRounds "10"]
[EventCountry "CUB"]
[SourceTitle "TD"]
[Source "ChessBase"]
[SourceDate "1994.03.01"]
[SourceVersion "1"]
[SourceVersionDate "1994.03.01"]
[SourceQuality "1"]

1. e4 e5 2. Nf3 Nc6 3. Bb5 a6 4. Ba4 Nf6 5. 0-0 b5 6. Bb3 Bb7 7. d4 Nxd4 8. Bxf7+ Kxf7 9. Nxe5+ Kg8 10. Qxd4 c5 11. Qd1 Qe8 12. Nf3 Qxe4 13. Bg5 Qf5 14. Nbd2 Re8 15. c3 h6 16. Bxf6 Qxf6 17. a3 g5 18. b4 cxb4 19. cxb4 Rh7 20. Qb3+ Rf7 21. Qd3 g4 22. Nd4 Bg7 23. N2b3 Bd5 24. Qg3 Qg5 25. Rad1 Be5 26. h4 gxh3 27. Qxh3 Ref8 28. Rd2 Rg7 29. g3 Bxd4 0-1